वैज्ञानिक विधि से गन्ने की खेती / (Record no. 14850)
[ view plain ]
| 000 -LEADER | |
|---|---|
| fixed length control field | 01316nam a22002657a 4500 |
| 005 - DATE AND TIME OF LATEST TRANSACTION | |
| control field | 20080814111036.0 |
| 006 - FIXED-LENGTH DATA ELEMENTS--ADDITIONAL MATERIAL CHARACTERISTICS--GENERAL INFORMATION | |
| fixed length control field | a|||||r|||||00| 0 |
| 008 - FIXED-LENGTH DATA ELEMENTS--GENERAL INFORMATION | |
| fixed length control field | 080814t xxu||||| |||| 00| 0 hin d |
| 010 ## - LIBRARY OF CONGRESS CONTROL NUMBER | |
| LC control number | HIN-83923 |
| 020 ## - INTERNATIONAL STANDARD BOOK NUMBER | |
| International Standard Book Number | 8171640583 |
| Terms of availability | 250.00 |
| 035 ## - SYSTEM CONTROL NUMBER | |
| System control number | HN-56269 |
| 037 ## - SOURCE OF ACQUISITION | |
| Source of stock number/acquisition | DBAD / PUB |
| 040 ## - CATALOGING SOURCE | |
| Original cataloging agency | DPL |
| Language of cataloging | HN |
| 082 ## - DEWEY DECIMAL CLASSIFICATION NUMBER | |
| Classification number | 633.615 |
| 100 ## - MAIN ENTRY--PERSONAL NAME | |
| Personal name | यादव, रतन लाल |
| 245 ## - TITLE STATEMENT | |
| Title | वैज्ञानिक विधि से गन्ने की खेती / |
| Statement of responsibility, etc | रतन लाल यादव; जगदीप सक्सेना द्वारा सम्पादित |
| 246 ## - VARYING FORM OF TITLE | |
| Title proper/short title | Vaigyanik vidhi se ganne ki kheti |
| Remainder of title | by Ratan Lal Yadav |
| 260 ## - PUBLICATION, DISTRIBUTION, ETC. (IMPRINT) | |
| Place of publication, distribution, etc | नई दिल्ली |
| Name of publisher, distributor, etc | भारतीय कृषि अनुसंधान परिषद |
| Date of publication, distribution, etc | 2007 |
| 300 ## - PHYSICAL DESCRIPTION | |
| Extent | 204पृ. |
| Dimensions | 22सेमी(सजिल्द) |
| 650 ## - SUBJECT ADDED ENTRY--TOPICAL TERM | |
| Topical term or geographic name as entry element | कृषि |
| General subdivision | गन्ना |
| -- | खेती |
| 650 ## - SUBJECT ADDED ENTRY--TOPICAL TERM | |
| Topical term or geographic name as entry element | Agriculture |
| General subdivision | Sugarcane |
| -- | Cultivation |
| 700 ## - ADDED ENTRY--PERSONAL NAME | |
| Personal name | सक्सेना, जगदीप |
| 942 ## - ADDED ENTRY ELEMENTS (KOHA) | |
| Source of classification or shelving scheme | Dewey Decimal Classification |
| Koha item type | Hindi Books |
| Classification part | 633.615 |
| Call number suffix | य़ादव |
| Withdrawn status | Lost status | Damaged status | Not for loan | Collection code | Home library | Current library | Date acquired | Source of acquisition | Cost, normal purchase price | Total Checkouts | Full call number | Barcode | Date last seen | Copy number | Cost, replacement price | Price effective from | Koha item type |
|---|---|---|---|---|---|---|---|---|---|---|---|---|---|---|---|---|---|
| Not For Loan | Non-fiction | D.B.Act.Division | D.B.Act.Division | 14/08/2008 | DBAD / PUB | 250.00 | 633.615 à ¥Âà ¤¾à ¤¦à ¤ | HN-56269 | 15/09/2008 | 1 | 250.00 | 15/09/2008 | Hindi Books |
